Lengua extranjera (Registro nro. 368)
[ vista simple ]
| 000 -CABECERA | |
|---|---|
| fixed length control field | 00593nam a2200205Ia 4500 |
| 008 - ELEMENTOS DE LONGITUD FIJA-INFORMACION GENERAL | |
| fixed length control field | 221202s9999 xx 000 0 und d |
| 020 ## - NUMERO INTERNACIONAL NORMALIZADO PARA LIBROS | |
| Número Internacional Normalizado del libro | 9789500010962 |
| 040 ## - FUENTE DE CATALOGACION | |
| Agencia de catalogación original | AR-BeUNQ |
| Idioma de catalogación | ESPAÑOL |
| Convenciones de la descripción | aacr |
| 110 ## - ASIENTO PRINCIPAL-NOMBRE CORPORATIVO | |
| Nombre corporativo o de jurisdicción como elemento de entrada | Argentina |
| Unidad subordinada | Ministerio de Educación |
| 245 #0 - MENCION DE TITULO | |
| Título | Lengua extranjera |
| 250 ## - MENCION DE EDICION | |
| Mención de edición | 1a ed. |
| 260 ## - PUBLICACION, DISTRIBUCION, ETC. | |
| Lugar de publicación, distribución, etc. | Ciudad Autónoma de Buenos Aires |
| Nombre del editor, distribuidor, etc. | Ministerio de Educación de la Nación |
| Fecha de publicación, distribución, etc | 2015 |
| 300 ## - DESCRIPCION FISICA | |
| Extensión | 124p; |
| Otros detalles físicos | il. |
| Dimensiones | 21 x 29 cm |
| 490 ## - MENCION DE SERIE | |
| Mención de serie | FINES |
| 521 ## - NOTA DE AUDIENCIA | |
| Nota de audiencia | juvenil y adultos |
| 546 ## - NOTA DE IDIOMA | |
| Nota de idioma | Español-ingles |
| 653 ## - TERMINO DE INDIZACION - NO CONTROLADO | |
| Término de indización no controlado | Enseñanza Media |
| 929 ## - DATOS DE ADQUISICION | |
| Proveedor | UNQ |
| Fecha de recibido | 2019 |
| Procedencia | DONACION |
| 942 ## - ELEMENTOS DE PUNTO DE ACCESO ADICIONAL (KOHA) | |
| Tipo de ítem Koha | Libros |
| Suppress in OPAC | 0 |
| Estado de retiro | Estado de pérdida | Fecha de ingreso | Total Checkouts | Signatura topográfica completa | Inventario | Date last seen | Tipo de ítem Koha |
|---|---|---|---|---|---|---|---|
| 02/12/2022 | 373 LEN | 59740 | 02/12/2022 | Libros |